[Event "Bandar e Anzali Khazar Cup 16th"]
[Site "Bandar e Anzali"]
[Date "2018.03.02"]
[Round "4"]
[White "Azadbakhsh, Farshid"]
[Black "Vahidov, Tair"]
[Result "1/2-1/2"]
[WhiteElo "2109"]
[BlackElo "2410"]
[PlyCount "158"]
[EventDate "2018.02.27"]
[EventType "swiss"]
[EventRounds "9"]
[EventCountry "IRI"]
[SourceTitle "CBM 183 Extra"]
[Source "ChessBase"]
[SourceDate "2018.04.19"]
[SourceVersion "1"]
[SourceVersionDate "2018.04.19"]
[SourceQuality "1"]

1. e4 e5 2. Nc3 Nf6 3. Bc4 Nxe4 4. Qh5 Nd6 5. Bb3 Be7 6. Nf3 Nc6 7. Nxe5 g6 8. Nxc6 dxc6 9. Qf3 0-0 10. d3 Nf5 11. 0-0 Nd4 12. Qg3 a5 13. Kh1 Be6 14. Be3 c5 15. Bxd4 cxd4 16. Nb5 Bxb3 17. axb3 c6 18. Na3 Bxa3 19. bxa3 a4 20. b4 Qd5 21. Rfe1 Rae8 22. Qf3 Rxe1+ 23. Rxe1 Qa2 24. Qf6 Qxc2 25. Qxd4 Qd2 26. Ra1 Re8 27. h3 Qe2 28. Rb1 Qe7 29. Qa7 Qd7 30. Qxa4 Qxd3 31. Rd1 Qf5 32. Qa7 b5 33. Qb6 Qf6 34. Kg1 Kg7 35. Kf1 Re4 36. Kg1 Rc4 37. Qe3 Qc3 38. Rd3 Qc1+ 39. Kh2 Qxe3 40. Rxe3 Kf6 41. Kg3 h5 42. Kf3 Kf5 43. Rd3 h4 44. g3 g5 45. Re3 hxg3 46. fxg3 Rc2 47. g4+ Kf6 48. Ke4 Rc4+ 49. Kd3 Rf4 50. Re8 Rf3+ 51. Kd4 Rxa3 52. Rc8 Rxh3 53. Rxc6+ Ke7 54. Rc5 f6 55. Rxb5 Rg3 56. Kd5 Rxg4 57. Rb7+ Kd8 58. b5 Kc8 59. Rf7 Rf4 60. Kc6 Rc4+ 61. Kb6 Rf4 62. Rc7+ Kb8 63. Rg7 Kc8 64. Rg8+ Kd7 65. Kb7 g4 66. b6 Rb4 67. Ka7 Kc6 68. Rc8+ Kd5 69. b7 f5 70. Rg8 Ke4 71. Rg5 Kf4 72. Rg6 Rxb7+ 73. Kxb7 Kg3 74. Kc6 f4 75. Kd5 f3 76. Ke4 f2 77. Rf6 Kg2 78. Ke3 f1Q 79. Rxf1 Kxf1 1/2-1/2

[Event "Rasht Baran Cup 7th 		  "]
[Site "Rasht"]
[Date "2014.06.25"]
[Round "5"]
[White "Bashiri, Aryan"]
[Black "Azadbakhsh, Farshid"]
[Result "1-0"]
[WhiteElo "2010"]
[BlackElo "2139"]
[PlyCount "65"]
[EventDate "2014.06.22"]
[EventType "swiss"]
[EventRounds "9"]
[EventCountry "IRI"]
[SourceTitle "CBM 161 Extra"]
[Source "ChessBase"]
[SourceDate "2014.08.29"]
[SourceVersion "1"]
[SourceVersionDate "2014.08.29"]
[SourceQuality "1"]

1. e4 c5 2. Nf3 g6 3. c3 Bg7 4. d4 cxd4 5. cxd4 d5 6. e5 Nc6 7. h3 e6 8. Nc3 Nge7 9. Bd3 0-0 10. 0-0 a6 11. Be3 b5 12. Rc1 Qb6 13. Qd2 Bd7 14. Bb1 Rac8 15. Bg5 Rc7 16. Bf6 Rfc8 17. Qg5 Bf8 18. Rcd1 Be8 19. h4 Na5 20. Nh2 h6 21. Qf4 Nc4 22. Ne2 Nxb2 23. Rd2 Na4 24. h5 gxh5 25. Qh4 Qa5 26. Rd3 Ng6 27. Qxh5 Nc3 28. Nxc3 Rxc3 29. Ng4 Qa3 30. Rxc3 Rxc3 31. Nxh6+ Bxh6 32. Qxh6 Qf8 33. Qh5 1-0

[Event "IRI-ch"]
[Site "Tabriz"]
[Date "2013.12.04"]
[Round "10"]
[White "Azadbakhsh, Farshid"]
[Black "Mosadeghpour, Masoud"]
[Result "0-1"]
[WhiteElo "2129"]
[BlackElo "2230"]
[PlyCount "54"]
[EventDate "2013.11.27"]
[EventType "swiss"]
[EventRounds "11"]
[EventCountry "IRI"]
[SourceTitle "CBM 157 Extra"]
[Source "ChessBase"]
[SourceDate "2013.12.19"]
[SourceVersion "1"]
[SourceVersionDate "2013.12.19"]
[SourceQuality "1"]

1. d4 Nf6 2. Nf3 g6 3. g3 Bg7 4. Bg2 0-0 5. c4 d5 6. Nbd2 c5 7. 0-0 cxd4 8. Nxd4 Qb6 9. e3 e5 10. N4f3 Rd8 11. cxd5 Nxd5 12. Nc4 Qc7 13. Qb3 b5 14. Ncxe5 Be6 15. Rd1 Nf4 16. Rxd8+ Qxd8 17. Qxb5 a6 18. Qa4 Nxg2 19. Kxg2 Nd7 20. Nxd7 Bxd7 21. Qf4 Bc6 22. g4 Qd1 23. a4 Re8 24. Kg3 g5 25. Qf5 Be4 26. Bd2 Qxa1 27. Qd7 Be5+ 0-1

[Event "Asia-ch U18"]
[Site "Sari"]
[Date "2013.06.25"]
[Round "7"]
[White "Doluweera, Dinul Thisura"]
[Black "Azadbakhsh, Farshid"]
[Result "1/2-1/2"]
[WhiteElo "1761"]
[BlackElo "2118"]
[PlyCount "81"]
[EventDate "2013.06.21"]
[EventType "swiss"]
[EventRounds "7"]
[EventCountry "IRI"]
[SourceTitle "EXT 2015"]
[Source "ChessBase"]
[SourceDate "2014.11.20"]
[SourceVersion "1"]
[SourceVersionDate "2014.11.20"]
[SourceQuality "1"]

1. d4 Nf6 2. c4 e6 3. Nc3 Bb4 4. Qc2 c5 5. dxc5 Bxc5 6. a3 Nc6 7. b4 Be7 8. Bb2 b6 9. Nf3 Bb7 10. Rd1 d6 11. e3 0-0 12. Be2 a6 13. 0-0 Qc7 14. Rd2 Rac8 15. Rfd1 Qb8 16. Qb3 Rfd8 17. h3 Qa8 18. Na4 Qa7 19. Nc3 Rc7 20. Nd4 Rdc8 21. Nxc6 Bxc6 22. b5 axb5 23. Nxb5 Bxb5 24. cxb5 Ne4 25. Rd4 d5 26. Bf3 Nc5 27. Qc2 f5 28. g4 Bf6 29. gxf5 Bxd4 30. Bxd4 Qxa3 31. Be5 Rf7 32. Bg4 exf5 33. Bxf5 Rcf8 34. Bxh7+ Kh8 35. Qg6 Qa2 36. Rf1 Qe2 37. Qh6 Rf6 38. Bxf6 Rxf6 39. Bd3+ Rxh6 40. Bxe2 Ne4 41. Kh2 1/2-1/2